[Event "SWYM"]
[Site "Witley ENG"]
[Date "2001.07.15"]
[Round "3"]
[White "Williams,S"]
[Black "Trent,L"]
[Result "1-0"]
[WhiteElo "2369"]
[BlackElo "2249"]

1.c4 e6 2.Nc3 d5 3.d4 Be7 4.Nf3 Nf6 5.Bf4 O-O 6.e3 c6 7.Qc2 Nbd7 8.h4 dxc4
9.Bxc4 Nb6 10.Be2 Nbd5 11.Be5 Qa5 12.Kf1 Nxc3 13.bxc3 c5 14.Ng5 Rd8 15.Bxf6 Bxf6
16.Nxh7 Bd7 17.Nxf6+ gxf6 18.Rh3 Kf8 19.Rg3 Ke7 20.Qb2 Bc6 21.Bf3 Qa6+ 22.Kg1 Rh8
23.Bxc6 Qxc6 24.Rg4 f5 25.Rf4 b6 26.g3 Rac8 27.a4 cxd4 28.cxd4 Qd5 29.Qb4+ Qd6
30.Qxd6+ Kxd6 31.e4 fxe4 32.Rxf7 Rc2 33.Re1 a5 34.Rxe4 Rc4 35.Rb7 Rb4 36.Re5 Kc6
37.Re7 Rxa4 38.R7xe6+ Kc7 39.Re7+ Kb8 40.Rb5 Rh6 41.d5 Rc4 42.Re6 Rxe6 43.dxe6 Kb7
44.Re5 Rc8 45.e7 Re8 46.f4 a4 47.f5 a3 48.f6 a2 49.Re1 b5 50.Ra1  1-0

[Event "Masters"]
[Site "Monmouth WLS"]
[Date "2001.07.16"]
[Round "2"]
[White "Duncan,C"]
[Black "Lock,G"]
[Result "1-0"]
[WhiteElo "2291"]
[BlackElo "2136"]

1.Nf3 d5 2.d4 Nf6 3.c4 e6 4.Nc3 Be7 5.Bf4 O-O 6.e3 c5 7.dxc5 Bxc5 8.a3 Nc6
9.Qc2 Qa5 10.Rd1 Be7 11.Bd3 e5 12.cxd5 exf4 13.dxc6 fxe3 14.fxe3 Qc5 15.O-O bxc6
16.Kh1 Qh5 17.Ne2 c5 18.Nf4 Qh6 19.Bc4 Rb8 20.Ne5 Ng4 21.Nxg4 Bxg4 22.Rd2 Rbd8
23.Rxd8 Bxd8 24.Qe4 Bc7 25.h3 Bd7 26.Qe7 Qc6 27.Rd1 Bf5 28.Bd5 Qb6 29.b3 Bg6
30.Bc4 Bd8 31.Qd7 Qc7 32.Qg4 Be4 33.Rd7 Qe5 34.Bxf7+ Rxf7 35.Rxd8+ Rf8 36.Rxf8+ Kxf8
37.Qc8+ Kf7 38.Qd7+ Kg8 39.Qc8+ Kf7 40.Qd7+ Kg8 41.Qe6+ Qxe6 42.Nxe6 Bd5
43.Nxc5 a5 44.e4 Bc6 45.Kg1 Kf7 46.Kf2 Kf6 47.Ke3 Ke5 48.Nd3+ Ke6 49.Kd4 g5
50.g3 Ba8 51.Nb2 Bc6 52.a4  1-0

[Event "ch-SUI"]
[Site "Scuol SUI"]
[Date "2001.07.16"]
[Round "5"]
[White "Moor,O"]
[Black "Bhend,E"]
[Result "1-0"]
[WhiteElo "2357"]
[BlackElo "2255"]

1.Nf3 Nf6 2.d4 d5 3.c4 e6 4.Nc3 Be7 5.Bf4 O-O 6.e3 b6 7.Rc1 a6 8.cxd5 exd5
9.Bd3 c5 10.dxc5 bxc5 11.O-O Bb7 12.Ne5 Nbd7 13.Qa4 Nb6 14.Qa5 Nh5 15.Bg3 Nxg3
16.hxg3 Bd6 17.Nf3 Bc6 18.b3 Qb8 19.Ne2 Rc8 20.Bf5 Rc7 21.Qc3 g6 22.Bb1 Re7
23.Qf6 Nd7 24.Qh4 Qf8 25.Rfd1 f6 26.b4 c4 27.a3 Ne5 28.Nc3 Qf7 29.Qd4 Rd7
30.Nxd5 Nxf3+ 31.gxf3 Be5 32.Qxc4 Bxd5 33.Rxd5 Rxd5 34.Ba2 Rad8 35.Kg2 Kg7
36.Rd1 Rxd1 37.Qxf7+ Kh6 38.f4 Bb2 39.g4 R1d2 40.g5+ fxg5 41.fxg5+ Kxg5 42.Qf4+ Kh5
43.Bb1 R8d5 44.Kh3  1-0

[Event "ch-SUI"]
[Site "Scuol SUI"]
[Date "2001.07.16"]
[Round "5"]
[White "Ekstroem,R"]
[Black "Gerber,R"]
[Result "1/2-1/2"]
[WhiteElo "2491"]
[BlackElo "2417"]

1.d4 e6 2.c4 d5 3.Nf3 Nf6 4.Nc3 Be7 5.Bf4 O-O 6.e3 c5 7.dxc5 Qa5 8.Bd6 Bxd6
9.cxd6 Rd8 10.a3 dxc4 11.Bxc4 Qc5 12.Qe2 Rxd6 13.O-O Nc6 14.Rfd1 Rxd1+ 15.Rxd1 Bd7
16.h3 Ne5 17.Nxe5 Qxe5 18.Bb5 Bxb5 19.Qxb5 Qxb5 20.Nxb5 Kf8 21.Rc1 Ne8 22.Kf1 a6
23.Nc7 Rd8 24.Nxe8 Kxe8 25.Ke2 Rd7 26.e4 Kd8 27.Ke3 Rc7 28.Rxc7 Kxc7 29.Kd4 Kd6
30.e5+ Kc6 31.Kc4 b5+ 32.Kd4 a5 33.b3 Kb6 34.h4 Kc6 35.g4 g6 36.h5 gxh5 37.gxh5 h6
38.b4 a4 39.Ke4 Kb6  1/2-1/2

[Event "Heart of Finland Open"]
[Site "Jyvaskyla FIN"]
[Date "2001.07.18"]
[Round "2"]
[White "Lehtivaara,P"]
[Black "Heinimaki,L"]
[Result "1-0"]
[WhiteElo "2322"]
[BlackElo "2080"]

1.d4 Nf6 2.c4 e6 3.Nf3 d5 4.Nc3 Be7 5.Bf4 c5 6.dxc5 O-O 7.cxd5 exd5 8.e3 Bxc5
9.Be2 Nc6 10.O-O Bf5 11.Na4 Bd6 12.Bxd6 Qxd6 13.Rc1 Ne4 14.Nd4 Bd7 15.Nc3 a6
16.Nxe4  1-0

[Event "3rd Open"]
[Site "Patras GRE"]
[Date "2001.07.19"]
[Round "2"]
[White "Bagaturov,G"]
[Black "Makkas,P"]
[Result "1-0"]
[WhiteElo "2489"]
[BlackElo "2110"]

1.d4 d5 2.c4 e6 3.Nf3 Nf6 4.Nc3 Be7 5.Bf4 c6 6.e3 Nbd7 7.h3 O-O 8.Qc2 dxc4
9.Bxc4 Nb6 10.Bb3 Nbd5 11.O-O Nxf4 12.exf4 Nd5 13.Ne2 Qd6 14.Ne5 Bd7 15.Rad1 Rfc8
16.Rfe1 Be8 17.Qe4 Bf6 18.Ng3 Bxe5 19.fxe5 Qd8 20.Bc2 g6 21.Qg4 Rc7 22.h4 Bd7
23.h5 f5 24.exf6 Nxf6 25.Qf3 g5 26.h6 Qf8 27.Nh5  1-0

[Event "16th Maccabia GM"]
[Site "Tel Aviv ISR"]
[Date "2001.07.19"]
[Round "5"]
[White "Bykhovsky,Av"]
[Black "Roiz,M"]
[Result "1/2-1/2"]
[WhiteElo "2443"]
[BlackElo "2511"]

1.d4 e6 2.c4 Nf6 3.Nf3 d5 4.Nc3 Be7 5.Bf4 O-O 6.e3 Nbd7 7.a3 c5 8.cxd5 Nxd5
9.Nxd5 exd5 10.dxc5 Nxc5 11.Be5 Qb6  1/2-1/2

[Event "Open"]
[Site "Novosibirsk RUS"]
[Date "2001.07.20"]
[Round "2"]
[White "Novikova,A"]
[Black "Garagulya,K"]
[Result "1/2-1/2"]
[WhiteElo "2211"]
[BlackElo "2414"]

1.d4 d5 2.c4 e6 3.Nf3 Nf6 4.Nc3 Be7 5.Bf4 O-O 6.e3 b6 7.cxd5 Nxd5 8.Bg3 c5
9.Bd3 Bb7 10.O-O cxd4 11.exd4 Nd7 12.Rc1 N7f6 13.Ne5 Nxc3 14.bxc3 Qd5 15.f3 Qxa2
16.Nc4 Qa6 17.Nd6 b5 18.Nxb5 Qc6 19.c4 Rfd8 20.Kh1 Qd7 21.Qb3 Bc6 22.Rfd1 Kf8
23.Be5 Bxb5 24.cxb5 Rac8 25.Qb1 h6 26.Rxc8 Rxc8 27.Rc1 Nd5 28.Be4 f6 29.Rxc8+ Qxc8
30.Bxd5 fxe5 31.Bc6  1/2-1/2

[Event "Politiken Cup"]
[Site "Copenhagen DEN"]
[Date "2001.07.21"]
[Round "7"]
[White "Gurevich,M"]
[Black "Jakobsen,O"]
[Result "1-0"]
[WhiteElo "2633"]
[BlackElo "2398"]

1.d4 d5 2.c4 e6 3.Nc3 Be7 4.Nf3 Nf6 5.Bf4 O-O 6.e3 c5 7.dxc5 Bxc5 8.a3 Nc6
9.Qc2 Qa5 10.O-O-O Be7 11.g4 dxc4 12.Bxc4 e5 13.g5 exf4 14.gxf6 Bxf6 15.Rd5 Qc7
16.Rh5 g6 17.Nd5 Qd8 18.Rg1 Be6 19.Nxf6+ Qxf6 20.Bxe6 fxe6 21.Ng5 Qf5 22.Rh4 fxe3
23.fxe3 Qxc2+ 24.Kxc2 h5 25.Nxe6 Rf6 26.Nc5 Re8 27.Rg3 b6 28.Ne4 Rfe6 29.Rxh5 Ne5
30.Rh4 Kg7 31.Nc3 Nd7 32.Rd4 Nf6 33.Kd3 Rh8 34.h3 Re5 35.Ne2 Ree8 36.Nf4 Rh6
37.Rd6 Kf7 38.Rf3 Ne4 39.Rd7+ Kg8 40.Rxa7 Nc5+ 41.Kc4 g5 42.Nd5 Ne4 43.Kb4 Rd8
44.Ne7+ Kh8 45.Rc7 Nd6 46.Nf5 Nxf5 47.Rxf5 Rxh3 48.Rxg5 Rxe3 49.Rc6  1-0

[Event "Dutch Open"]
[Site "Dieren NED"]
[Date "2001.07.23"]
[Round "6"]
[White "Markus,J"]
[Black "Meijers,V"]
[Result "0-1"]
[WhiteElo "2269"]
[BlackElo "2449"]

1.d4 Nf6 2.Nf3 e6 3.c4 d5 4.Nc3 Be7 5.Bf4 O-O 6.e3 b6 7.cxd5 exd5 8.Bd3 Bb7
9.Ne5 Nbd7 10.O-O a6 11.Qf3 g6 12.g4 Re8 13.Rad1 Bd6 14.Nxf7 Kxf7 15.Bxd6 cxd6
16.g5 Kg7 17.gxf6+ Nxf6 18.Kh1 Ne4 19.Bxe4 dxe4 20.Qg3 Qd7 21.Ne2 Re7 22.Rg1 Rf8
23.Nf4 Kg8 24.h4 Kh8 25.Rg2 Ref7 26.Kh2 Rf5 27.Rc1 a5 28.Rgg1 Qe7 29.Rc3 Bd5
30.a3 a4 31.Rgc1 Bg8 32.Rc7 Qf6 33.Rd7 g5 34.hxg5 Rxg5 35.Qh4 Qf5 36.Rcc7 Rg4
37.Qh6 Rf6 38.Qh3 Rxf4 39.exf4 Qxf4+ 40.Qg3 Rh6+ 41.Kg2 Rg6 42.Qxg6 hxg6
43.Re7 d5 44.Ra7 Qf3+ 45.Kg1 Qd1+ 46.Kg2 Qxd4 47.Re8 b5 48.Raa8 Qg7 49.Kg3 d4
50.Kf4 d3 51.Ke3 Qf7 52.Rf8 Qb3  0-1

[Event "3rd Open"]
[Site "Patras GRE"]
[Date "2001.07.24"]
[Round "7"]
[White "Banikas,H"]
[Black "Miladinovic,I"]
[Result "1/2-1/2"]
[WhiteElo "2531"]
[BlackElo "2496"]

1.d4 d5 2.c4 e6 3.Nf3 Nf6 4.Nc3 Be7 5.Bf4 c6 6.e3 Nbd7 7.h3 O-O 8.Qc2 dxc4
9.Bxc4 Nb6 10.Bb3 Nbd5  1/2-1/2

[Event "Continental Open"]
[Site "Las Vegas USA"]
[Date "2001.07.27"]
[Round "3"]
[White "Shulman,Y"]
[Black "Saidy,A"]
[Result "1-0"]
[WhiteElo "2568"]
[BlackElo "2374"]

1.d4 Nf6 2.c4 e6 3.Nf3 d5 4.Nc3 Be7 5.Bf4 O-O 6.e3 Nbd7 7.Qc2 c5 8.Rd1 Qa5
9.a3 Ne4 10.Bd3 cxd4 11.exd4 Ndf6 12.O-O Nxc3 13.bxc3 Bd7 14.Rb1 dxc4 15.Bxc4 Bc6
16.Ne5 Be4 17.Bd3 Bxd3 18.Qxd3 Nd5 19.Bd2 Qc7 20.c4 Nf6 21.Bf4 Qc8 22.Qf3 b6
23.Nc6 Qd7 24.Rfd1 Rfc8 25.d5 exd5 26.cxd5 Bd6 27.h3 Bxf4 28.Qxf4 Nxd5 29.Rxd5 Qxc6
30.Rbd1 h6 31.Rd7 Qe6 32.R1d6 Qe1+ 33.Kh2 Rf8 34.Rc7 Qa1 35.a4  1-0

[Event "EuChJun Boys"]
[Site "Patras GRE"]
[Date "2001.07.27"]
[Round "11"]
[White "Dziuba,M"]
[Black "Berkvens,J"]
[Result "1-0"]
[WhiteElo "2471"]
[BlackElo "2444"]

1.d4 Nf6 2.c4 e6 3.Nf3 d5 4.Nc3 Be7 5.Bf4 O-O 6.e3 Nbd7 7.Qc2 c5 8.cxd5 exd5
9.Be2 b6 10.O-O Bb7 11.Rad1 Ne4 12.Nxe4 dxe4 13.Ne5 Nxe5 14.dxe5 Qc8 15.Bc4 Qc6
16.Qb3 a6 17.e6 b5 18.Bd5 Qb6 19.Bxb7  1-0

[Event "Smith & Williamson ch-GBR"]
[Site "Scarborough HUN"]
[Date "2001.08.03"]
[Round "5"]
[White "Palliser,R"]
[Black "Stephenson,N"]
[Result "1-0"]
[WhiteElo "2337"]
[BlackElo "2246"]

1.d4 d5 2.c4 e6 3.Nf3 Nf6 4.Nc3 Be7 5.Bf4 O-O 6.e3 a6 7.Qc2 dxc4 8.Bxc4 c5
9.dxc5 Bxc5 10.Bd3 Nbd7 11.O-O Be7 12.Rfd1 Qa5 13.e4 e5 14.Bg5 h6 15.Bd2 Qc7
16.Rac1 Qb8 17.a3 Nc5 18.b4 Nxd3 19.Qxd3 Rd8 20.Qe2 Bg4 21.h3 Bxf3 22.Qxf3 Rd4
23.Qf5 b5 24.Be3 Rxd1+ 25.Rxd1 a5 26.Bc5 Bxc5 27.bxc5 b4 28.axb4 Qxb4 29.Nd5 Nxd5
30.Rxd5 a4 31.c6 Qc4 32.Rd7 Rc8 33.c7  1-0

[Event "HZ Open"]
[Site "Vlissingen NED"]
[Date "2001.08.04"]
[Round "9"]
[White "Van Wely,L"]
[Black "Kasimdzhanov,R"]
[Result "1/2-1/2"]
[WhiteElo "2695"]
[BlackElo "2704"]

1.d4 Nf6 2.c4 e6 3.Nf3 d5 4.Nc3 Be7 5.Bf4 O-O 6.e3 Nbd7 7.c5 c6 8.Bd3 b6
9.b4 a5 10.a3 Ba6 11.O-O Qc8 12.h3 h6 13.Qc2 Bxd3 14.Qxd3 Qb7 15.Rfc1  1/2-1/2

[Event "Nordic Championships"]
[Site "Bergen NOR"]
[Date "2001.08.11"]
[Round "8"]
[White "Porper,E"]
[Black "Schandorff,L"]
[Result "0-1"]
[WhiteElo "2436"]
[BlackElo "2551"]

1.d4 Nf6 2.Nf3 d5 3.c4 e6 4.Nc3 Be7 5.Bf4 O-O 6.e3 Nbd7 7.cxd5 Nxd5 8.Nxd5 exd5
9.Bd3 Bb4+ 10.Ke2 Nf6 11.Qc2 Bd6 12.Be5 g6 13.Rac1 c6 14.h3 Re8 15.Rhd1 a5
16.Kf1 Bxe5 17.Nxe5 Nd7 18.Nxd7 Bxd7 19.Qc5 Qe7 20.Rc3 Qxc5 21.dxc5 Kf8 22.Rb3 Reb8
23.Rb6 a4 24.Rc1 Ke7 25.Rc3 Ra5 26.Bc2 Rb5 27.Rxb5 cxb5 28.a3 Bc6 29.b4 axb3
30.Rxb3 Ra8 31.Ke2 Kd7 32.g3 Kc7 33.Kd2 Ra4 34.Bd3 Ra5 35.Kc3 b6 36.cxb6+ Kxb6
37.Kb2 Kc5 38.Rc3+ Kd6 39.Bc2 Ra7 40.Rd3 Kc5 41.Rd4 Rb7 42.Kb3 Bd7 43.h4 h6
44.Bd1 Be6 45.Kb2 g5 46.Bb3 Rb8 47.Bd1 Ra8 48.Bc2 Rb8 49.Rb4 Rb6 50.Bb3 Bf5
51.f3 Be6 52.Bc2 Rb8 53.Kc3 Bd7 54.Rd4 Bc6 55.Bf5 Ra8 56.Kb3 Re8 57.Rd3 Rg8
58.h5 Ra8 59.Rc3+ Kd6 60.e4 Ra6 61.Bc8 Ra4 62.e5+ Kc7 63.Bf5 Kb6 64.Bc2 d4
65.Rd3 Kc5 66.Kb2 Ra7 67.f4 g4 68.Rd2 Bd5 69.Bf5 Bc4 70.Be4 Ra4 71.Bc2 Ra6
72.Bf5 Ra8 73.Be4 Rb8 74.Bc2 b4 75.axb4+ Rxb4+ 76.Kc1 Rb7 77.Rd1 Ra7 78.Kb2 Ra2+
79.Kc1 Ra3 80.Re1 Rxg3 81.f5 Re3 82.Rg1 g3 83.f6 Be6 84.Kd2 Kd5 85.Re1 Rxe1
86.Kxe1 Kxe5 87.Kf1 Bd5  0-1

[Event "Lost Boys Open"]
[Site "Amsterdam NED"]
[Date "2001.08.14"]
[Round "5"]
[White "Witt,R"]
[Black "Van Beek,L"]
[Result "1/2-1/2"]
[WhiteElo "2280"]
[BlackElo "2369"]

1.Nf3 Nf6 2.c4 e6 3.Nc3 d5 4.d4 Be7 5.Bf4 O-O 6.e3 c5 7.dxc5 Bxc5 8.cxd5 Nxd5
9.Nxd5 exd5 10.a3 Nc6 11.Bd3 Be7 12.Qc2 h6 13.Rd1 Bf6 14.O-O Qb6 15.b4 Bg4
16.b5  1/2-1/2

[Event "7th Stage Russian Cup"]
[Site "Togliatty RUS"]
[Date "2001.08.15"]
[Round "8"]
[White "Nikitin,An"]
[Black "Zamruk,A"]
[Result "1/2-1/2"]
[WhiteElo "2535"]
[BlackElo "2389"]

1.d4 d5 2.c4 e6 3.Nc3 Be7 4.Nf3 Nf6 5.Bf4 O-O 6.e3 c5 7.dxc5 Bxc5 8.Qc2 Nc6
9.a3 Qa5 10.Ra2 Be7 11.b4 Qd8 12.Qb3 a5 13.b5 a4 14.Qc2 Na5 15.Qxa4 Bd7 16.cxd5 exd5
17.Bd3 Be6 18.Nd4 Qb6 19.O-O Nc6 20.Nxe6 Rxa4 21.Nxa4 Qa5 22.Nxf8 Nd8 23.Nxh7 Nxh7
24.Nb2 Qc3 25.a4 Bb4 26.Bb1 g5 27.Bg3 Ba5 28.Nd3 Ne6 29.Rc2 Qa3 30.Rc8+ Nhf8
31.Ne5 Kg7 32.Bc2 Bc7 33.Nf3 Bxg3 34.hxg3 Kf6 35.Rd1 Qa2 36.Rd2 Nd7 37.Bd1 Qa1
38.Kh2 Ndc5 39.Bc2 g4 40.Nd4 Qc3 41.Nxe6 fxe6 42.Re2 b6 43.Bd1 Qa1 44.Rd2 Ne4
45.Rd4 Ke5 46.Rf8 Qb2 47.Rxe4+ Kxe4 48.Bxg4 Qg7 49.Re8 e5 50.Bf3+ Kd3 51.Rd8 d4
52.Rd6 Kd2 53.exd4 Qh7+ 54.Kg1 Qb1+  1/2-1/2

[Event "I American Continental"]
[Site "Cali COL"]
[Date "2001.08.16"]
[Round "7"]
[White "Yermolinsky,A"]
[Black "Goldin,A"]
[Result "1/2-1/2"]
[WhiteElo "2571"]
[BlackElo "2594"]

1.Nf3 d5 2.d4 Nf6 3.c4 e6 4.Nc3 Be7 5.Bf4 O-O 6.e3 Nbd7 7.Rc1 c5 8.cxd5 Nxd5
9.Nxd5 exd5 10.dxc5 Qa5+ 11.Qd2 Qxa2 12.Bd6 Bxd6 13.cxd6 Nf6 14.Nd4 Ne4 15.Qb4 b6
16.Be2 Bd7 17.O-O Qa4 18.Qxa4 Bxa4 19.Rc7 Rfd8 20.Ra1 Be8 21.Raxa7 Rxa7 22.Rxa7 Nxd6
23.Bf3 Nc4 24.b3 Ne5 25.Rb7 Nxf3+ 26.gxf3 Rd6 27.f4 Kf8 28.Kg2 Bd7 29.Kf3 Ke8
30.f5 Rh6 31.Kg3 Rh5 32.f6 gxf6 33.Rxb6 Rg5+ 34.Kf4 Ke7 35.h4 Rg1 36.Rb8 Rh1  1/2-1/2

[Event "Open"]
[Site "Presov SVK"]
[Date "2001.08.16"]
[Round "6"]
[White "Priehoda,V"]
[Black "Kotan,L"]
[Result "1-0"]
[WhiteElo "2411"]
[BlackElo "2347"]

1.c4 e6 2.Nc3 d5 3.d4 Be7 4.Nf3 Nf6 5.Bf4 O-O 6.e3 c6 7.Qc2 Nbd7 8.h3 Re8
9.Bd3 dxc4 10.Bxc4 Nd5 11.Bg3 b5 12.Nxd5 cxd5 13.Bd3 Nf6 14.O-O Bd7 15.Rfc1 Qb6
16.Ne5 Red8 17.Nc6 Bxc6 18.Qxc6 Qxc6 19.Rxc6 a6 20.a4 Ne4 21.Bc7 Rdc8 22.f3 Nf6
23.axb5 axb5 24.Rxa8 Rxa8 25.Bxb5 Ra1+ 26.Bf1 g5 27.Rb6 Rc1 28.Rb8+ Kg7 29.Be5 Kh6
30.Rb7 Ng8 31.g4 Rb1 32.Bh8 Kg6 33.Kf2 f5 34.Be5 Bf6 35.Bd3 Rd1 36.Bb5 Ne7
37.Be8+ Kg7 38.Rxe7+  1-0

[Event "Lost Boys Open"]
[Site "Amsterdam NED"]
[Date "2001.08.17"]
[Round "7"]
[White "Strating,S"]
[Black "Vogt,A"]
[Result "1-0"]
[WhiteElo "2340"]
[BlackElo "2250"]

1.d4 d5 2.c4 e6 3.Nc3 Be7 4.Nf3 Nf6 5.Bf4 O-O 6.e3 Nbd7 7.c5 c6 8.Bd3 b6
9.b4 a5 10.a3 Ba6 11.b5 cxb5 12.c6 Qc8 13.Nxb5 Qxc6 14.Rc1 Nc5 15.dxc5 Bxb5
16.Nd4 Qb7 17.Nxb5 bxc5 18.Rb1 c4 19.Be2 Bb4+ 20.axb4 Qxb5 21.Bd6 Rfc8 22.O-O a4
23.Qc2 a3 24.Qa2 Nd7 25.Bg3 Ra4 26.Bd6 Ra6 27.Be7 f6 28.e4 Re8 29.Bc5 Nxc5
30.bxc5 Qxc5 31.Rfd1 Kh8 32.h3 h6 33.Rb7 Rc8 34.exd5 exd5 35.Rd7 Rac6 36.R7xd5 Qb4
37.Rd8+ Rxd8 38.Rxd8+ Kh7 39.Qc2+ f5 40.Qxf5+ Rg6 41.Bh5  1-0

[Event "WJun"]
[Site "Athens GRE"]
[Date "2001.08.17"]
[Round "2"]
[White "Palliser,R"]
[Black "Azarov,S"]
[Result "0-1"]
[WhiteElo "2337"]
[BlackElo "2461"]

1.d4 Nf6 2.Nf3 d5 3.c4 e6 4.Nc3 Be7 5.Bf4 O-O 6.e3 c5 7.dxc5 Bxc5 8.Qc2 Nc6
9.a3 Qa5 10.Ra2 Qd8 11.b4 Bd6 12.Bg5 dxc4 13.Bxc4 Ne5 14.Be2 Bd7 15.Ne4 Nxf3+
16.Bxf3 Bb5 17.Be2 Rc8 18.Qb1 Bxe2 19.Bxf6 gxf6 20.Rd2 Qc7 21.Nxd6 Rcd8 22.Kxe2 Rxd6
23.Rxd6 Qxd6 24.Qd3 Qe5 25.Rc1 Qxh2 26.Qe4 Qh5+ 27.g4 Qb5+ 28.Kf3 Rd8 29.Rc5 Qf1
30.Rh5 Rd2 31.Qxh7+ Kf8 32.Rh2 Qc4 33.Kg3 Qc7+ 34.f4 Qc3 35.Qe4 Rxh2 36.Kxh2 Qxa3
37.Qxb7 Qxe3 38.Qb8+ Kg7 39.Kg2 Qb6 40.Qxb6 axb6 41.Kf3 Kf8 42.Ke4 Ke7 43.Kd4 Kd6
44.Kc4 e5 45.f5 Kc6  0-1

[Event "Asian Championships"]
[Site "Calcutta IND"]
[Date "2001.08.17"]
[Round "11"]
[White "Xu Jun"]
[Black "Barsov,A"]
[Result "1/2-1/2"]
[WhiteElo "2646"]
[BlackElo "2495"]

1.Nf3 d5 2.d4 Nf6 3.c4 e6 4.Nc3 Be7 5.Bf4 O-O 6.e3 c5 7.dxc5 Bxc5 8.cxd5 Nxd5
9.Nxd5 exd5 10.a3 Nc6  1/2-1/2

[Event "WJun"]
[Site "Athens GRE"]
[Date "2001.08.18"]
[Round "3"]
[White "Berkvens,J"]
[Black "Kose,S"]
[Result "1-0"]
[WhiteElo "2444"]
[BlackElo "2217"]

1.d4 e6 2.c4 d5 3.Nc3 Nf6 4.Nf3 Be7 5.Bf4 O-O 6.e3 c6 7.Qc2 Nbd7 8.Bd3 dxc4
9.Bxc4 Nb6 10.Bd3 Nbd5 11.Nxd5 exd5 12.O-O Re8 13.h3 h6 14.a3 Be6 15.Ne5 Rc8
16.Qe2 Bd6 17.Rad1 Qc7 18.Bb1 c5 19.Bh2 c4 20.f4 c3 21.Rc1 Qb6 22.Rxc3 Rxc3
23.bxc3 Bxa3 24.f5 Bd7 25.c4 Bc6 26.Ba2 Qd8 27.Rb1 Bf8 28.cxd5 Bxd5 29.Rb5 Bxa2
30.Qxa2 Qc7 31.Rb1 b6 32.Ng4 Qe7 33.Be5 Nxg4 34.hxg4 Qg5 35.Qe2 f6 36.Bf4 Qxf4
37.Qc4+  1-0

[Event "Open"]
[Site "Presov SVK"]
[Date "2001.08.18"]
[Round "8"]
[White "Balogh,Pe"]
[Black "Kotan,L"]
[Result "0-1"]
[WhiteElo "2290"]
[BlackElo "2347"]

1.d4 d5 2.c4 e6 3.Nc3 Be7 4.Nf3 Nf6 5.Bf4 O-O 6.e3 c6 7.h3 Nbd7 8.Qc2 Re8
9.a3 dxc4 10.Bxc4 b5 11.Ba2 Bb7 12.Rd1 Nd5 13.Bb1 g6 14.Nxd5 exd5 15.O-O Bf8
16.h4 Nb6 17.h5 Nc4 18.hxg6 hxg6 19.Ne5 Bg7 20.Nxc4 bxc4 21.Rfe1 Qb6 22.Bd6 Re6
23.Bc5 Qd8 24.e4 Bc8 25.e5 Qh4 26.Re3 Re8 27.Qa4 Bh6 28.Rc3 Bg4 29.Rf1 Bd2
30.Qxc6 Bxc3 31.bxc3 Be6 32.Re1 Kg7  0-1

[Event "WJun"]
[Site "Athens GRE"]
[Date "2001.08.19"]
[Round "4"]
[White "Simutowe,A"]
[Black "Azarov,S"]
[Result "0-1"]
[WhiteElo "2462"]
[BlackElo "2461"]

1.d4 d5 2.c4 e6 3.Nc3 Be7 4.Nf3 Nf6 5.Bf4 O-O 6.e3 c5 7.dxc5 Bxc5 8.cxd5 Nxd5
9.Nxd5 exd5 10.a3 Nc6 11.Bd3 Be7 12.O-O Bf6 13.Rc1 Bg4 14.b4 Qe7 15.Bb1 Rad8
16.h3 Bxf3 17.Qxf3 Ne5 18.Bxe5 Qxe5 19.e4 Rfe8 20.exd5 Qxd5 21.Qxd5 Rxd5
22.Rc7 Rd2 23.Rxb7 g6 24.Rxa7 Bd4 25.Rc7 Ree2 26.Kh1 Bxf2 27.Rc3 Bb6 28.Rg3 Bc7
29.Rg5 h6 30.Rg4 h5 31.Rg5 Bd8 32.Rg3 Bc7 33.Rg5 Kg7 34.Rg1 Bf4 35.Rc5 Be3
36.Rcc1 Bxg1 37.Rxg1 Re3 38.a4 Rd4 39.Bc2 Rc3 40.Bd1 Rxb4 41.Rf1 Rc1 42.Kg1 Rbb1
43.Be2 Rxf1+ 44.Bxf1 Ra1  0-1

[Event "Rubinstein Open"]
[Site "Polanica Zdroj POL"]
[Date "2001.08.19"]
[Round "4"]
[White "Cyborowski,L"]
[Black "Kosiorek,M"]
[Result "1-0"]
[WhiteElo "2509"]
[BlackElo "2339"]

1.c4 e6 2.Nc3 d5 3.d4 Nf6 4.Nf3 Be7 5.Bf4 O-O 6.e3 c5 7.dxc5 Bxc5 8.a3 dxc4
9.Bxc4 a6 10.Qc2 b5 11.Bd3 Nbd7 12.Rd1 Bb7 13.Ne5 h6 14.O-O Rc8 15.Nxd7 Nxd7
16.Be4 Bxe4 17.Qxe4 Qe7 18.Qb7 Nb8 19.Qf3 Rfd8 20.Ne4 e5 21.Bg3 Ba7 22.Qg4 Rxd1
23.Rxd1 Rf8 24.Bh4 g5 25.Rd6 f6 26.Bg3 Kg7 27.Qf5 Bc5 28.Rxf6 Rxf6 29.Bxe5 Nd7
30.Bxf6+ Nxf6 31.Nxc5 Qd6 32.h3  1-0

[Event "21st Open"]
[Site "Bratto ITA"]
[Date "2001.08.25"]
[Round "4"]
[White "Epishin,V"]
[Black "Dervishi,E"]
[Result "1/2-1/2"]
[WhiteElo "2583"]
[BlackElo "2491"]

1.d4 d5 2.c4 e6 3.Nc3 Nf6 4.Nf3 Be7 5.Bf4 O-O 6.e3 c5 7.dxc5 Bxc5 8.a3 Nc6
9.b4 Be7 10.cxd5 Nxd5 11.Nxd5 exd5 12.Bd3 Bf6 13.Rc1 a6 14.O-O Be6 15.Re1 g6
16.Qd2 Qe7 17.h3 Rfc8 18.Bf1 Qd8 19.Rcd1 Qf8 20.Ng5 Na7 21.e4 Bc3 22.Qe3 d4
23.Rxd4 Bxd4 24.Qxd4 Nc6 25.Qe3 b5 26.h4 Qg7 27.Bd6 Qd4 28.Qg3 Qd2 29.Nf3 Qc3
30.Re3 Qa1 31.Re1 Qc3 32.Re3 Qa1 33.Re1  1/2-1/2

[Event "WJun Women"]
[Site "Athens GRE"]
[Date "2001.08.27"]
[Round "11"]
[White "Plachkinova,T"]
[Black "Khamrakulova,I"]
[Result "1-0"]
[WhiteElo "2190"]
[BlackElo "2217"]

1.d4 Nf6 2.c4 e6 3.Nf3 d5 4.Nc3 Be7 5.Bf4 O-O 6.e3 c6 7.Bd3 Nbd7 8.h3 dxc4
9.Bxc4 Nb6 10.Bb3 Nbd5 11.Bg3 Nxc3 12.bxc3 Ne4 13.Qd3 Nxg3 14.fxg3 Bd6 15.O-O Bxg3
16.Bc2 g6 17.e4 f5 18.Nd2 Bh4 19.Bb3 Kg7 20.Nf3 Bf6 21.exf5 exf5 22.Rae1 a5
23.a4 b5 24.Ne5 Ba6 25.Nxc6 Qb6 26.Re6 bxa4 27.Bc4 Bxc4 28.Qxc4 Qb3 29.Qe2 Qxc3
30.Rf3 Bxd4+ 31.Kh2 Qc5 32.Nxd4 Qxd4 33.Rd3 Qf4+ 34.g3 Qb4 35.Rd7+ Kh6 36.Ree7 Rh8
37.Qe3+ f4 38.gxf4 Qb3 39.Qf2 Qb5 40.Qh4+ Qh5 41.Qxh5+  1-0

[Event "Open"]
[Site "Lisbon POR"]
[Date "2001.08.27"]
[Round "7"]
[White "Ftacnik,L"]
[Black "Narciso Dublan,M"]
[Result "1-0"]
[WhiteElo "2580"]
[BlackElo "2510"]


1.Nf3 d5 2.d4 Nf6 3.c4 e6 4.Nc3 Be7 5.Bf4 O-O 6.e3 c5 7.dxc5 Bxc5 8.cxd5 Nxd5
9.Nxd5 exd5 10.a3 Nc6 11.Bd3 Be7 12.b4 Bg4 13.O-O a6 14.h3 Bh5 15.Rc1 Re8
16.Re1 Bf8 17.g4 Bg6 18.Bxg6 hxg6 19.Re2 Re7 20.Rd2 Rd7 21.Rc3 Rc8 22.Rcd3 d4
23.Nxd4 Nxd4 24.Rxd4 Rxd4 25.Rxd4 Qf6 26.Rd7 g5 27.Bg3 Qc6 28.Qd5 Qxd5 29.Rxd5 f6
30.Rd7 Rc3 31.Rxb7 Rxa3 32.Bc7 Kh7 33.Kg2 Kg6 34.Ba5 Ra2 35.Rb6 Be7 36.Kg3 Ra3
37.h4 gxh4+ 38.Kxh4 Ra2 39.Kg3 Ra3 40.Kf4 Ra2 41.f3 Bf8 42.Ke4 Kg5 43.Rb8 Bd6
44.Rd8 Bg3 45.Rd5+ Kg6 46.f4 Be1 47.Rd1 Bc3 48.Kd3 Bb2 49.Kc2 Ra1 50.Rxa1 Bxa1
51.b5 axb5 52.Kb1  1-0

[Event "Schwarzach Open A"]
[Site "Salzburg AUT"]
[Date "2001.09.01"]
[Round "8"]
[White "Danner,G"]
[Black "Klovans,J"]
[Result "1-0"]
[WhiteElo "2421"]
[BlackElo "2446"]

1.d4 Nf6 2.c4 e6 3.Nf3 d5 4.Nc3 Be7 5.Bf4 O-O 6.e3 b6 7.cxd5 Nxd5 8.Bd3 Nxf4
9.exf4 Bb7 10.O-O Nd7 11.Qe2 Nf6 12.Rfd1 Nd5 13.Nxd5 Bxd5 14.Rac1 g6 15.Be4 Bf6
16.Ne5 Bxe5 17.dxe5 Qd7 18.f5 gxf5 19.Bxd5 exd5 20.Qd2 f6 21.exf6 Rxf6 22.Rxc7 Qxc7
23.Qxd5+ Kg7 24.Qxa8 Rd6 25.Qf3 Rxd1+ 26.Qxd1 Qe5 27.Qc1 Qd5 28.a3 h6 29.h4 Kg6
30.g3 a5 31.Qc2 b5 32.a4 b4 33.Qe2 b3 34.Qe8+ Kg7 35.Qe3 Kg6 36.Kh2 Kg7 37.Qe7+ Kg6
38.Qe3 Kh5 39.Qe8+ Kg4 40.Qe2+ Qf3 41.Qc4+ Qe4 42.Qxb3 f4 43.f3+ Qxf3 44.Qe6+  1-0

[Event "Najdorf Memorial"]
[Site "Buenos Aires ARG"]
[Date "2001.09.05"]
[Round "2"]
[White "Karpov,An"]
[Black "Short,N"]
[Result "1/2-1/2"]
[WhiteElo "2692"]
[BlackElo "2664"]

1.d4 Nf6 2.c4 e6 3.Nf3 d5 4.Nc3 Be7 5.Bf4 O-O 6.e3 c5 7.dxc5 Bxc5 8.cxd5 Nxd5
9.Nxd5 exd5 10.a3 Bd6 11.Bxd6 Qxd6 12.Be2 Nc6 13.O-O Bg4 14.Qa4 Bxf3 15.Bxf3 Ne5
16.Be2 Qb6 17.Rab1 Rfd8 18.Rfd1 Rac8 19.h3 g6 20.Rd2 Nc4 21.Rd3 Nxb2 22.Qd4 Rc2
23.Bf3 Qxd4 24.Rxd4 b6 25.Bxd5 Rdc8 26.g4 h6 27.h4 Kg7 28.g5 hxg5 29.hxg5 R8c5
30.Be4 Rc1+ 31.Rxc1 Rxc1+ 32.Kg2 Rc4  1/2-1/2

[Event "TCh-YUG"]
[Site "Herceg Novi YUG"]
[Date "2001.09.06"]
[Round "4"]
[White "Sakaev,K"]
[Black "Georgiev,Ki"]
[Result "1/2-1/2"]
[WhiteElo "2630"]
[BlackElo "2695"]

1.d4 Nf6 2.Nf3 d5 3.c4 e6 4.Nc3 Be7 5.Bf4 O-O 6.e3 c5 7.dxc5 Bxc5 8.a3 Nc6
9.Rc1 a6 10.b4 Bd6 11.Bxd6 Qxd6 12.cxd5 exd5 13.Be2 Bg4 14.O-O Rfd8 15.Na4  1/2-1/2

[Event "EUR-ASIA Rapid Match"]
[Site "Batumi GEO"]
[Date "2001.09.18"]
[Round "6"]
[White "Van Wely,L"]
[Black "Vladimirov,E"]
[Result "1-0"]
[WhiteElo "2695"]
[BlackElo "2612"]

1.d4 Nf6 2.c4 e6 3.Nf3 d5 4.Nc3 Be7 5.Bf4 O-O 6.e3 c5 7.dxc5 Bxc5 8.cxd5 exd5
9.Be2 Nc6 10.O-O Be6 11.Rc1 Rc8 12.a3 Be7 13.Nb5 Ne4 14.Nfd4 Qb6 15.b4 a5
16.bxa5 Qxa5 17.Nxe6 fxe6 18.a4 Bf6 19.Bd3 Nd2 20.Re1 e5 21.Bg3 Rcd8 22.Qc2 e4
23.Be2 Ne5 24.Bxe5 Bxe5 25.Red1 Nf3+ 26.gxf3 exf3 27.Bd3 Qb6 28.Bf5 Qh6 29.h3 Qg5+
30.Bg4 h5 31.Nd4 hxg4 32.Ne6 Qh4 33.Kf1 g3 34.Nxf8 Rxf8 35.Qg6 g2+ 36.Ke1 Bg3  1-0